College Quizbowl Stats
College Quizbowl Stats
Circuits
Seasons
Sets
Records
Detailed Stats
About
Loading...
2024 ACF Fall at Georgia
Tossups
Bonuses
Players
Teams
Categories (Tossup)
Categories (Bonus)
Sanbodh Sinha
Birmingham A
Categories
Category
Powers
Gets
Negs
BBs
Points
Earliest Buzz
Avg. Buzz
First Buzzes
Top 3 Buzzes
BPA
PVF
Literature - World
0
1
0
0
10
93
93.00
0
0
0.00
0.00
Religion
0
1
0
0
10
40
40.00
0
1
0.00
0.00
Science - Biology
0
1
0
0
10
56
56.00
0
1
0.00
0.00
Science - Chemistry
0
1
0
0
10
84
84.00
0
0
0.00
0.00
Buzzes
Category
Answer
Value
Buzz Position
Religion
Shiva
10
40
Science - Biology
dopamine
10
56
Science - Chemistry
alcohols
10
84
Literature - World
Rabindranath Tagore
10
93
Previous
1
Next